Juan Marín chilean: the man and his writtings

Guardat en:
Dades bibliogràfiques
Autor principal: Swain, James O (Autor)
Format: Llibre
Idioma:anglès
Publicat: Cleveland Lee College Faculty Studies 1971
Matèries:
Etiquetes: Afegir etiqueta
Sense etiquetes, Sigues el primer a etiquetar aquest registre!

MARC

LEADER 00000nam a2200000 a 4500
001 UCT8511
003 CL-VaPUC
005 20210825170230.0
008 970326e19710000us |||||||||||||||||eng|d
999 |c 257004  |d 257002 
040 |c Pontificia Universidad Católica de Valparaíso 
082 0 4 |a Ch863.09  |b SWA  |2 21 
100 0 |a Swain, James O  |e author  |9 380250 
245 1 0 |a Juan Marín chilean: the man and his writtings 
260 |a Cleveland  |b Lee College Faculty Studies  |c 1971 
300 |a 224 p 
583 |a last modification  |c 20171218 12:49:41  |k Rodrigo Vera 
600 |a Marín Rojas, Juan,  |d 1900-1963  |9 862631 
650 0 |a Novela chilena   |9 307631 
650 0 |a Poesía chilena   |9 268403 
650 0 |a Crítica e interpretación   |9 255042 
942 |c BK  |2 ddc 
945 |d 19970326 00:00:00  |a rleighto 
952 |0 0  |1 0  |4 0  |6 CH_863_090000000000000_SWA_1971  |7 0  |8 A  |9 280209  |a BIBEDU  |b BIBEDU  |d 2019-11-19  |i 3296547  |o Ch863.09 SWA 1971  |p 3296547  |r 2019-11-19  |w 2019-11-19  |y BK  |k LIT